书目信息 |
| 题名: |
社群营销实战手册
|
|
| 作者: | 秋叶 , 邻三月 著 | |
| 分册: | ||
| 出版信息: | 北京 人民邮电出版社 2022 |
|
| 页数: | 19,356页 | |
| 开本: | 23cm | |
| 丛书名: | ||
| 单 册: | ||
| 中图分类: | F713.365.2-62 , F713.36 | |
| 科图分类: | ||
| 主题词: | 网络营销--手册 | |
| 电子资源: | ||
| ISBN: | 978-7-115-58392-5 | |
| 000 | 01116nam0 2200253 450 | |
| 001 | 2245102481 | |
| 005 | 20220921123204.57 | |
| 010 | @a978-7-115-58392-5@dCNY109.00 | |
| 100 | @a20220419d2022 em y0chiy50 ea | |
| 101 | 0 | @achi |
| 102 | @aCN@b110000 | |
| 105 | @aa z 000yy | |
| 200 | 1 | @a社群营销实战手册@9she qun ying xiao shi zhan shou ce@e流量运营+私域转化+团队建设+品牌打造@f秋叶,邻三月著 |
| 210 | @a北京@c人民邮电出版社@d2022 | |
| 215 | @a19,356页@c图@d23cm | |
| 300 | @a和秋叶一起学 | |
| 330 | @a本书基于电商、学习、人脉三大典型社群运营模式,从0到1手把手教你打造社群私域流量的思维、方法与路径。本书共6章。其中,第1章从社群和社群营销的角度,介绍了社群及社群营销的运营逻辑;第2章至第4章通过丰富的运营实战案例,全面解读了电商型社群、学习型社群、人脉型社群的运营思维和运营方法;第5章介绍了构建高效的社群运营团队的方法;第6章介绍了利用企业微信提高社群私域流量运营效率的方法和技巧。 | |
| 606 | 0 | @a网络营销@j手册 |
| 690 | @aF713.365.2-62@v5 | |
| 690 | @aF713.36@v4 | |
| 701 | 0 | @a秋叶@9qiu ye@4著 |
| 701 | 0 | @a邻三月@9lin san yue@4著 |
| 801 | 0 | @aCN@b91MARC@c20220525 |
| 905 | @aZUCC@dF713.36@e447 | |
| 社群营销实战手册:流量运营+私域转化+团队建设+品牌打造/秋叶,邻三月著.-北京:人民邮电出版社,2022 |
| 19,356页:图;23cm |
| 和秋叶一起学 |
| ISBN 978-7-115-58392-5:CNY109.00 |
| 本书基于电商、学习、人脉三大典型社群运营模式,从0到1手把手教你打造社群私域流量的思维、方法与路径。本书共6章。其中,第1章从社群和社群营销的角度,介绍了社群及社群营销的运营逻辑;第2章至第4章通过丰富的运营实战案例,全面解读了电商型社群、学习型社群、人脉型社群的运营思维和运营方法;第5章介绍了构建高效的社群运营团队的方法;第6章介绍了利用企业微信提高社群私域流量运营效率的方法和技巧。 |
| ● |
| 相关链接 |
|
|
|
正题名:社群营销实战手册
索取号:F713.36/447
 
预约/预借
| 序号 | 登录号 | 条形码 | 馆藏地/架位号 | 状态 | 备注 |
| 1 | 2000900152 | 2000900152 | 第三书库/ [索取号:F713.36/447] | 在馆 | |
| 2 | 2000900153 | 2000900153 | 第三书库/ [索取号:F713.36/447] | 在馆 | |
| 3 | 2000900154 | 2000900154 | 第三书库/ [索取号:F713.36/447] | 在馆 |